| 000 | 00470cam a22001457a 4500 | ||
|---|---|---|---|
| 008 | 180718b1988 xxu||||| |||| 00| 0 eng d | ||
| 082 | _aT000 M481 | ||
| 100 | _aMalcher, Bonita H. | ||
| 245 |
_aStrategic planning development and implementation _cby Bonita H. Malcher, Nonita H. Malcher and Harold Kerzner |
||
| 260 |
_aBlue Ridge Summit _bTab Books _c1988 |
||
| 300 | _a404p. | ||
| 650 | _aEconomic planning | ||
| 700 | _aKerzner, Harold | ||
| 700 | _aMelcher, Nonita H. | ||
| 999 |
_c348655 _d348655 |
||